Principles of polymer science (Record no. 42151)

MARC details
000 -LEADER
fixed length control field 00408nam a2200157Ia 4500
020 ## - INTERNATIONAL STANDARD BOOK NUMBER
ISBN 8173194181
082 ## - DEWEY DECIMAL CLASSIFICATION NUMBER
Classification number 678
Item number BAH
100 ## - MAIN ENTRY--AUTHOR NAME
Personal name Bahadur, P
245 #0 - TITLE STATEMENT
Title Principles of polymer science
260 ## - PUBLICATION, DISTRIBUTION, ETC. (IMPRINT)
Place of publication New Delhi
Name of publisher Narosa Publishiing House
Year of publication 2002
650 ## - SUBJECT ADDED ENTRY--TOPICAL TERM
Topical Term Natural polymers
650 ## - SUBJECT ADDED ENTRY--TOPICAL TERM
Topical Term Speciality polymers
700 ## - ADDED ENTRY--PERSONAL NAME
Personal name Sastry, N V
942 ## - ADDED ENTRY ELEMENTS (KOHA)
Koha item type Books
Holdings
Withdrawn status Lost status Damaged status Not for loan Home library Current library Date acquired Cost, normal purchase price Full call number Accession Number Koha item type
        RRII Library RRII Library 16/12/2021 295.00 678 BAH 22427 Books